01500pab a2200181 454500008004000000100002400040245009300064260000900157300001500166362001200181520093000193650001401123650001601137773003401153909001001187999001701197952010401214180718b1999 xxu||||| |||| 00| 0 eng d aZahniser, Steven S. aOne border, two transitions: Mexican migration to the United States as a two-way process c1999 ap.1350-380 aJun-Jul aThis article employs a unique logit model developed by Yamaguchi to study Mexican migration to the United States. The model contains interaction terms between the previous year's migration decision and key explanatory variables. This innovation allows for the differential measurement of the variables' influence on the Mexico-to-U.S. and the U.S.-to-Mexico transitions. Migration is found to be a persistent phenomenon for its participants. Legal residents of the United States and persons with more dependent children are inclined either to remain in the United States or to participate in migration year after year. Female migrants are less likely to return to Mexico, whereas married migrants tend to follow a year of migration with 1 or more years spent entirely in Mexico. Surprisingly, macroeconomic indicators of expected wage differentials between the two countries explain little of migration behavior. - Reproduced aMigration aImmigration aAmerican Behavioral Scientist a41795 c41795d41795 00104070aIIPAbIIPAd2018-07-19hVolume no: 42, Issue no: 9pAR42172r2018-07-19w2018-07-19yAR